01072 2200313 4500001002100000005001500021035002000036007000300056008004100059336002100100337002300121338003800144040002200182100003900204245011900243300003100362504003300393020002200426082001200448084001400460264003200474500007000506650003000576850001200606852002000618856007600638990002200714990002200736INLIS00000000086645020211109104339 a0010-1121000531ta211109s2016 yoia gs ind d 2rdacontentateks 2rdamediaakomputer 2rdacarrierasumber sambung jaring aYOPDYOGbinderda0 aI Putu Jati Arsanad1978-epenulis10aEtika profesi insinyur :bmembangun sikap profesionalisme sarjana teknik [sumber elektronik] /cI Putu Jati Arsana a1 berkas komputer (2.5 MB) aBibliografi: halaman 210-215 a978-602-401-317-240223a174 a174 IPU e31aSleman :bDeepublish,c2016 aUntuk mengakses buku ini silahkan unduh aplikasi http://ijogja.id 4aEtika profesi--xInsinyur aYOPDYOG8 aaplikasi iJogja40nPerpustakaan Digital iJogjauhttp://ijogja.id /publications/books/18528 a000399-EPD/B.2017 a000400-EPD/B.2017